| 000 | 00669nam a22002417a 4500 | ||
|---|---|---|---|
| 999 |
_c13781 _d13781 |
||
| 003 | MIRAKIL | ||
| 005 | 20201118173102.0 | ||
| 008 | 200219b tu ||||| |||| 00| 0 tur d | ||
| 020 | _a975 298 179 8 | ||
| 040 |
_aTR-AnCHP _cTR-AnCHP |
||
| 041 | _aTUR | ||
| 082 |
_a305.552 _bK74k 2009 |
||
| 100 | _aKöklügiller Ahmet | ||
| 245 | 1 | 0 |
_aKime Aydın Denir/ _cDerleyen Ahmet Köklügiller. |
| 260 |
_aİstanbul: _bKültür Sanat Yayıncılık, _c2009. |
||
| 300 |
_a251 s.: _c21 sm. |
||
| 504 | _aDizin vardır. | ||
| 600 | 1 | 4 | _xFelsefe Tarihi |
| 650 | 0 |
_95063 _aAydınlar _cTürkiye |
|
| 700 |
_96295 _aKöklügiller Ahmet |
||
| 942 |
_2ddc _cBKS |
||
| 999 | _d13781 | ||